Commercial development activity (Record no. 118922)
[ view plain ]
| 000 -LEADER | |
|---|---|
| fixed length control field | 00888cam a22002175a 4500 |
| 001 - CONTROL NUMBER | |
| control field | L137879 |
| 008 - FIXED-LENGTH DATA ELEMENTS--GENERAL INFORMATION | |
| fixed length control field | 100803s2006 xxk f 000 0 eng d |
| 035 ## - SYSTEM CONTROL NUMBER | |
| System control number | (Sirsi) u137879 |
| 041 0# - LANGUAGE CODE | |
| Language code of text/sound track or separate title | eng |
| 110 2# - MAIN ENTRY--CORPORATE NAME | |
| Corporate name or jurisdiction name as entry element | Savills Project Consultancy |
| 9 (RLIN) | 5857 |
| 245 00 - TITLE STATEMENT | |
| Title | Commercial development activity |
| Medium | [electronic resource] |
| 260 ## - PUBLICATION, DISTRIBUTION, ETC. | |
| Place of publication, distribution, etc. | London |
| Name of publisher, distributor, etc. | Savills |
| Date of publication, distribution, etc. | 2006- |
| 362 0# - DATES OF PUBLICATION AND/OR SEQUENTIAL DESIGNATION | |
| Dates of publication and/or sequential designation | November 2006- |
| 490 #0 - SERIES STATEMENT | |
| Series statement | Savills UK Commercial Development Activity |
| 520 ## - SUMMARY, ETC. | |
| Summary, etc. | Discusses growth in the different commercial property sectors, levels of activity by sector, new build and refurbishment activity, and developer expectations for the market. |
| 554 ## - | |
| -- | Monthly |
| 651 #4 - SUBJECT ADDED ENTRY--GEOGRAPHIC NAME | |
| Geographic name | United Kingdom |
| Chronological subdivision | |
| 690 ## - LOCAL SUBJECT ADDED ENTRY--TOPICAL TERM (OCLC, RLIN) | |
| Topical term or geographic name as entry element | PROPERTY-COMMERCIAL PROPERTY-COMMERCIAL PROPERTY MARKET |
| 856 40 - ELECTRONIC LOCATION AND ACCESS | |
| Uniform Resource Identifier | <a href="https://www.savills.com/research/uk-research.aspx">https://www.savills.com/research/uk-research.aspx</a> |
| Public note | View the item free of charge at www.savills.co.uk |
| 942 ## - ADDED ENTRY ELEMENTS (KOHA) | |
| Suppress in OPAC | 0 |
| Withdrawn status | Lost status | Source of classification or shelving scheme | Damaged status | Not for loan | Home library | Current library | Shelving location | Date acquired | Total Checkouts | Full call number | Barcode | Date last seen | Copy number | Price effective from | Koha item type |
|---|---|---|---|---|---|---|---|---|---|---|---|---|---|---|---|
| Dewey Decimal Classification | Virtual | Virtual | Online | 03/05/2007 | ONLINE PUBLICATION | 137879-2001 | 06/08/2019 | 1 | 06/08/2019 | Book |